ბათუმის შოთა რუსთაველის სახელმწიფო უნივერსიტეტის ბიბლიოთეკა

Career management & Work-Life integration (ბიბ.ჩანაწერი № 51437)

000 -LEADER
fixed length control field 00785nam a2200253Ia 4500
001 - CONTROL NUMBER
control field 18423
003 - CONTROL NUMBER IDENTIFIER
control field GE_BSU
008 - FIXED-LENGTH DATA ELEMENTS--GENERAL INFORMATION
fixed length control field 181216s||||||||xx |||||||||||||| ||und||
020 ## - INTERNATIONAL STANDARD BOOK NUMBER
International Standard Book Number 978-1412937450
040 ## - CATALOGING SOURCE
Transcribing agency GE_BSU
080 ## - UNIVERSAL DECIMAL CLASSIFICATION NUMBER
Universal Decimal Classification number 005
100 ## - MAIN ENTRY--PERSONAL NAME
Personal name Harrington,Brad. Hall, Douglas T.
245 ## - TITLE STATEMENT
Title Career management & Work-Life integration
245 ## - TITLE STATEMENT
Remainder of title Using Self-Assessment to Navigate Contemporary Careers
260 ## - PUBLICATION, DISTRIBUTION, ETC.
Place of publication, distribution, etc. Los Angeles
260 ## - PUBLICATION, DISTRIBUTION, ETC.
Name of publisher, distributor, etc. Sage
260 ## - PUBLICATION, DISTRIBUTION, ETC.
Date of publication, distribution, etc. 2007
300 ## - PHYSICAL DESCRIPTION
Extent 234p. 25cm.
653 ## - INDEX TERM--UNCONTROLLED
Uncontrolled term Career management & Work-Life integration
653 ## - INDEX TERM--UNCONTROLLED
Uncontrolled term Using Self-Assessment to Navigate Contemporary Careers
653 ## - INDEX TERM--UNCONTROLLED
Uncontrolled term კარიერა,მენეჯმეტი
653 ## - INDEX TERM--UNCONTROLLED
Uncontrolled term ორგანიზაციის მართვა
942 ## - ADDED ENTRY ELEMENTS (KOHA)
Koha item type წიგნი
ეგზემპლარები
Withdrawn status Lost status Damaged status Not for loan Date acquired Barcode Date last seen Price effective from Koha item type
        2018-12-17 47255 2018-12-17 2018-12-17 წიგნი